000 00513nam a2200193Ia 4500
003 GCL
008 140319s9999 xx 000 0 ara d
040 _aGCL /
_cGCL
082 0 4 _aق
_b322.4
_bغ م
100 1 _aغالى شكرى
245 1 0 _aالمثقفون والسلطة فى مصر /
_cغالى شكرى
300 _a399 ص
490 _a
650 0 4 _aمصر
650 0 4 _aالاحوال السياسية
650 0 4 _aالدولة
650 0 4 _aالاحوال الثقافية
942 _2ddc
_cBK
999 _c38758
_d38758